Nirvana - In Utero Songs - Statistics

General Stats
  • This quiz has been taken 17 times
  • The average score is 10 of 12
Answer Stats
Length Song % Correct
3:51 All Apologies
92%
2:32 Dumb
85%
4:41 Heart-Shaped Box
85%
3:55 Milk It
85%
3:48 Scentless Apprentice
85%
3:36 Serve the Servants
85%
1:56 Very Ape
85%
4:09 Frances Farmer Will Have Her Revenge on Seattle
77%
2:50 Rape Me
77%
3:37 Pennyroyal Tea
69%
1:35 tourette's
69%
4:51 Radio Friendly Unit Shifter
62%
No matching quizzes found
Score Distribution
Percent of People with Each Score
Percentile by Number Answered
Your Score History
You have not taken this quiz